| 000 | 00806nam a2200301Ia 4500 | ||
|---|---|---|---|
| 001 | AUWbook001787 | ||
| 003 | BDCtgAUW | ||
| 005 | 20260406155105.0 | ||
| 008 | 220908s9999 xx 000 0 eng d | ||
| 020 | _a0821365959 | ||
| 040 |
_aBDCtgAUW _cBDCtgAUW |
||
| 100 | 1 | _aBourguignon Francois Editor. | |
| 245 | 0 | _aCapacity building in economics, education and research. | |
| 260 |
_aWashington : _bThe World Bank, _c2007. |
||
| 300 | _a352 pages. | ||
| 650 | 0 | _aCongresses. | |
| 650 | 0 | _aEconomics. | |
| 650 | 0 | _aHistory of Economics. | |
| 650 | 0 | _aStudy and teaching. | |
| 651 | 0 |
_aDeveloping countries. _978713 |
|
| 700 | 1 | _aElkana Yehuda Editor. | |
| 700 | 1 | _aPleskovic, Boris, ditor. | |
| 887 |
_a BRAC _22982 |
||
| 888 | _22982 | ||
| 942 | _cBK | ||
| 945 | _cBK | ||
| 999 |
_c17545 _d17545 |
||